logo

Bir Sreshtho Munshi Abdur Rouf Library
Jhenaidah Cadet College

হেনরী এ্যাডামস-এর শিক্ষাবিষয়ক আত্নচরিত / (Record no. 9516)

MARC details
000 -LEADER
fixed length control field 00682nam a22002177a 4500
001 - CONTROL NUMBER
JCCL Control Number 9516
003 - CONTROL NUMBER IDENTIFIER
JCCL marc code OSt
005 - DATE AND TIME OF LATEST TRANSACTION
control field 20180521143139.0
008 - FIXED-LENGTH DATA ELEMENTS--GENERAL INFORMATION
fixed length control field 180318b1969 bg ||||| |||| 00| 0 ben d
035 ## - SYSTEM CONTROL NUMBER
system control number (BD-JhCC)9516
040 ## - CATALOGING SOURCE
Original cataloging agency BD-JhCC
Modifying agency BD-JhCC
041 ## - LANGUAGE CODE
Language code of Book ben
082 ## - DEWEY DECIMAL CLASSIFICATION NUMBER
Classification number 923
Author mark and Year UDD 1969
100 ## - MAIN ENTRY--PERSONAL NAME
Personal name উদ্দীন, আকবর
245 ## - TITLE STATEMENT
Title হেনরী এ্যাডামস-এর শিক্ষাবিষয়ক আত্নচরিত /
Statement of responsibility, etc আকবর উদ্দীন
260 ## - PUBLICATION, DISTRIBUTION, ETC. (IMPRINT)
Place of publication, distribution, etc ঢাকা :
Name of publisher, distributor, etc খোশরোজ কিতাব মহল
Date of publication, distribution, etc 1969.
300 ## - PHYSICAL DESCRIPTION
Pagination 300 p. :
Dimensions 21 cm.
650 ## - SUBJECT ADDED ENTRY--TOPICAL TERM
Topical term or geographic name as entry element Biography
942 ## - ADDED ENTRY ELEMENTS (KOHA)
Source of classification or shelving scheme Dewey Decimal Classification
Koha item type Books
Holdings
Source of classification or shelving scheme volume number Damaged status Not for loan Home library Current library Shelving location Date of accession Cost, normal purchase price Total Checkouts Full call number Barcode Date last seen Copy number Koha item type
Dewey Decimal Classification V-2     JCC Rouf Library JCC Rouf Library General Stacks 03/18/2018 4.00   923 UDD 1969 12039 03/18/2018 C-1 Books

JCC Library | Contacts | JCC Home

Last Update on 23 September 2017
Copyright @ 2017-2020 JCC Rouf Library
Rouf Library, Jhenidah Cadet College (JCC), Bangladesh